[Event "1st Gujarat GM Open 2018"]
[Site "Ahmedabad"]
[Date "2018.10.11"]
[Round "9"]
[White "Ikramul, Haq Siam"]
[Black "Bhatt, Jalpan"]
[Result "1-0"]
[WhiteElo "2180"]
[BlackElo "1983"]
[Annotator "TA"]
[PlyCount "83"]
[EventDate "2018.10.05"]
[EventType "swiss"]
[EventCountry "IND"]
[SourceTitle "playchess.com"]
[Source "ChessBase"]
[SourceQuality "1"]

{[%evp 9,83,5,61,32,49,20,27,26,24,20,39,7,34,15,50,50,52,6,38,32,27,5,25,6,18,0,27,6,25,10,19,13,13,16,17,12,22,21,19,23,23,23,23,0,0,0,0,0,6,6,255,248,572,587,585,554,554,532,612,656,692,704,704,697,910,922,1107,1069,6220,5941,29987,29988,29990,29991,29991,29992]} 1. d4 Nf6 2. Bg5 d5 3. e3 Nbd7 {[%cal Bb8d7,Bd7f6,Bf6e4][%mdl 32]} 4. Nf3 Ne4 (4... h6 5. Bh4 e6 6. Nbd2 Be7 7. Bd3 b6 8. c3 Bb7 9. Qe2 Ne4 10. Bxe7 Qxe7 11. O-O O-O 12. Ba6 Bxa6 13. Qxa6 c5 14. Nxe4 dxe4 15. Nd2 Nf6 16. Rfd1 Rfd8 17. Rac1 {0-1 (43) Mamedyarov,S (2801)-Giri,A (2782) chess.com INT 2018}) 5. Bf4 g6 (5... e6 $11) 6. c4 {D03: Damenbauernspiele} (6. Bd3 {is interesting.} c6 7. O-O Bg7 8. c4 O-O 9. cxd5 cxd5 10. Qb3) 6... c6 {Schwarz will ...e5! spielen.} 7. Nbd2 $146 (7. cxd5 {keeps more tension.} cxd5 8. Bd3 Bg7 9. O-O O-O 10. Qb3) ({Vorgänger:} 7. cxd5 Qa5+ 8. Nc3 Nxc3 9. Qd2 cxd5 10. Qxc3 Qxc3+ 11. bxc3 Bg7 12. c4 dxc4 13. Bxc4 {0-1 (36) Mundet Riera,J (2155)-Nogue,A (2238) Banyoles 2004}) 7... Nxd2 8. Qxd2 {und nun wäre cxd5 stark für Weiss.Weiß hat minimalen Vorteil.} Nf6 9. a3 Bg7 10. Bd3 O-O 11. O-O Ne4 12. Qc2 Bf5 13. Nh4 (13. h3 {with more complications.} f6 14. Rac1 Qd7 15. Bh2 Rac8 16. Nh4) 13... e6 (13... Bd7 {looks sharper.} 14. cxd5 cxd5 15. Nf3 Qb6 16. Rac1 Rac8) 14. Nxf5 exf5 15. Rac1 Nf6 16. h3 Nh5 17. Be5 Re8 18. Bxg7 Nxg7 19. Qb3 dxc4 20. Bxc4 Re7 21. Rfd1 Qd6 22. g3 h5 23. h4 Ne8 24. Bf1 Nf6 25. Bg2 Rae8 26. d5 {[%cal Rd5c6]} c5 27. Qb5 b6 28. b4 {[%cal Rb4c5]} Rc8 29. Qa6 $36 {[%mdl 2048] Schwarz steht unter Druck.} Rec7 $2 {[#]} (29... Rcc7 $11) 30. bxc5 $18 Rxc5 $2 (30... Qf8 {leistet mehr Widerstand.} 31. c6 Ne8) 31. Qxc8+ Rxc8 32. Rxc8+ Kg7 {[#]} 33. Rc6 $1 {[%cal Rc6d6]} Qxa3 34. d6 Qb3 35. Bf3 Nd7 36. Rc7 $1 {[%csl LRa7,LRd7]} Ne5 37. Be2 Qa2 38. Kf1 f4 39. exf4 Nc6 40. Rxc6 {Weiß setzt Matt.} Qa4 41. Bf3 Qb3 42. Kg2 {Precision: Weiß = 59%, Schwarz = 25%.} 1-0

[Event "1st Gujarat GM Open 2018"]
[Site "Ahmedabad"]
[Date "2018.10.11"]
[Round "9"]
[White "Srihari L R"]
[Black "Mohammad Minhaz Uddin"]
[Result "1-0"]
[WhiteElo "2170"]
[BlackElo "2328"]
[Annotator "TA"]
[PlyCount "67"]
[EventDate "2018.10.05"]
[EventType "swiss"]
[EventCountry "IND"]
[SourceTitle "playchess.com"]
[Source "ChessBase"]
[SourceQuality "1"]

{[%evp 18,67,16,12,27,24,40,42,51,56,70,71,66,68,81,53,82,59,120,109,131,122,174,172,216,235,223,189,200,167,185,158,196,193,282,269,402,400,624,619,588,520,625,608,736,731,735,723,733,725,702,711]} 1. d4 Nf6 2. c4 e6 3. Nf3 Bb4+ 4. Bd2 Qe7 5. g3 O-O 6. Bg2 Bxd2+ 7. Nbxd2 d6 8. O-O e5 9. e4 Bg4 10. Qc2 {LiveBook: 9 Games. E11: Bogo-Indian} Nc6 11. d5 Nb4 12. Qc3 {White is slightly better.} Bxf3 $146 ({Predecessor:} 12... a5 13. h3 Bd7 14. Rfc1 Na6 15. b3 Nc5 16. Qe3 h6 17. a3 Nh7 {1-0 (36) Lopez Martinez,J (2607)-Nielsen,R (2338) Heraklio 2017}) 13. Bxf3 c5 14. a3 Na6 15. b4 $36 {[%mdl 2048] White fights for an advantage.} Qc7 16. Bg2 Rfe8 17. Kh1 cxb4 (17... Nb8 $14) 18. axb4 $16 Qb6 19. Rab1 Rac8 (19... h5 $16 {was called for.}) 20. f3 Rc7 {[#]} 21. Rfc1 $1 Nd7 22. Bf1 h5 23. Kg2 h4 24. Qa3 ({Don't play} 24. gxh4 $6 Rcc8 $16) 24... Kh7 25. Rb2 ({Don't do} 25. gxh4 $6 Rg8 $16) 25... h3+ (25... Nab8 $142 26. c5 (26. gxh4 Rec8 $16) 26... dxc5) 26. Kh1 $18 Qf2 (26... Nab8 $142 27. c5 dxc5) 27. c5 {[#] aiming for Nc4.} dxc5 (27... Nb6 $142 28. Bxh3 Qd4) 28. b5 {[%cal Bb4b5,Bb5a6][%mdl 32] White is clearly winning.} c4 {intending ...c3.} 29. Nb1 Qc5 30. bxa6 b5 31. Qxc5 Rxc5 32. Nc3 Rb8 33. Bxh3 Nf6 34. Rcb1 {Precision: White = 84%, Black = 21%.} 1-0

[Event "1st Gujarat GM Open 2018"]
[Site "Ahmedabad"]
[Date "2018.10.11"]
[Round "9"]
[White "Kamdar Udit"]
[Black "Konguvel, Ponnuswamy"]
[Result "1/2-1/2"]
[WhiteElo "2103"]
[BlackElo "2325"]
[Annotator "TA"]
[PlyCount "93"]
[EventDate "2018.10.05"]
[EventType "swiss"]
[EventCountry "IND"]
[SourceTitle "playchess.com"]
[Source "ChessBase"]
[SourceQuality "1"]

{[%evp 14,93,-14,-22,12,20,13,14,17,19,17,0,37,31,35,30,95,76,150,133,131,130,127,108,118,0,127,131,149,148,139,140,151,146,131,154,212,206,201,198,205,176,254,227,322,311,325,298,303,251,241,239,200,111,339,228,275,58,58,0,8,8,8,0,0,0,0,0,0,0,0,0,0,0,0,0,0,0,0,0,0,0]} 1. e4 c5 2. Nc3 e6 3. f4 d5 4. exd5 exd5 5. Bb5+ Nc6 6. Nf3 Nf6 7. Ne5 {B23: Closed Sicilian: Lines without g3} Qc7 8. Qf3 {LiveBook: 3 Games} a6 9. Bxc6+ bxc6 10. O-O Bd6 11. Na4 $146 ({Predecessor:} 11. b3 O-O 12. Ba3 Re8 13. Rae1 Bf5 14. d3 Nd7 {½-½ (45) Pirs,M (2537)-Antonov,N (2415) ICCF email 2014}) 11... O-O 12. b3 Nd7 13. Nxd7 $1 Bxd7 (13... Qxd7 $6 14. Nb6 $16) 14. Ba3 {[%cal Bc1a3,Ba3c5,Bc5d4][%mdl 32]} Bf5 (14... c4 $1 $11 15. Bxd6 Qxd6) 15. Bxc5 $16 Be4 (15... Bxc5+ $142 16. Nxc5 Qd6) 16. Qg3 Rfe8 17. d3 $36 {[%mdl 2048] Keeping Black busy.} Bf5 18. Bd4 {[%csl Gd4][%cal Rg3g7]} Bg6 19. Bc5 Bf5 $1 20. Qf2 Re6 21. Rae1 Rae8 22. Rxe6 Rxe6 23. Bxd6 Qxd6 24. Nc5 Rg6 (24... Re8 $16 25. b4 (25. Nxa6 d4 $16) 25... Qf6) 25. Qe3 h5 26. b4 (26. Nxa6 $6 Qa3 $16) 26... Qd8 27. Kh1 h4 (27... a5 $142) 28. Re1 $18 Kh7 (28... Be6 $142 29. Qe5 Qf6) 29. Qe7 Qxe7 30. Rxe7 {[%mdl 4096] Endgame KRB-KRN} Rg4 31. Rxf7 Rxf4 {[%cal Rf4f1]} 32. Kg1 $1 Kg6 {[#]} 33. Rc7 (33. Rb7 $1 $18) 33... h3 $2 (33... Rxb4 $16 34. Rxc6+ Kf7) 34. Rxc6+ Kh5 {[#]} 35. Ne6 $2 ({Stronger than} 35. Nxa6 hxg2 36. Kxg2 Kh4 $11) (35. a3 $1 $18) 35... Rg4 $14 36. g3 (36. Rxa6 Rxg2+ 37. Kf1 Bxe6 $17) 36... Bxe6 $1 {The position is equal.} 37. Rxe6 {Strongly threatening a3.} Rxb4 38. Rxa6 $11 {KR-KR} Rb1+ 39. Kf2 Rh1 40. g4+ Kh4 41. Ra8 Rxh2+ (41... Kxg4 $5 42. Ra4+ $8 Kh5 $11) 42. Kf3 Rxc2 43. Rh8+ Kg5 44. Rxh3 g6 45. Rh8 Rd2 46. Ke3 Rxa2 47. Kd4 {Precision: White = 70%, Black = 51%.} 1/2-1/2

[Event "1st Gujarat GM Open 2018"]
[Site "Ahmedabad"]
[Date "2018.10.11"]
[Round "9"]
[White "Subhayan Kundu"]
[Black "Ritviz, Parab"]
[Result "0-1"]
[WhiteElo "2093"]
[BlackElo "2252"]
[Annotator "TA"]
[PlyCount "140"]
[EventDate "2018.10.05"]
[EventType "swiss"]
[EventCountry "IND"]
[SourceTitle "playchess.com"]
[Source "ChessBase"]
[SourceQuality "1"]

{[%evp 13,140,35,29,21,45,28,54,54,45,43,47,53,50,51,58,44,58,28,32,22,46,17,26,23,24,27,27,-2,-16,-16,-9,-40,-47,-43,-45,-40,-46,-44,-27,-9,-18,-36,-34,-41,-46,-83,-80,-119,-108,-153,-153,-173,-107,-273,-253,-250,-243,-286,-278,-274,-248,-273,-197,-206,-142,-163,-146,-265,-133,-216,-146,-178,-118,-102,0,0,0,0,66,75,76,81,203,198,191,128,145,107,147,154,153,129,141,141,181,169,499,493,576,570,537,-58,0,0,380,-201,-174,-197,-189,-254,-256,-273,-260,-422,-430,-368,-264,-290,0,0,0,0,0,-1254,-1093,-12840,-12839,-12840,-12840]} 1. e4 e5 2. Nf3 Nc6 3. Bc4 Nf6 4. d3 Be7 5. O-O O-O 6. Re1 d6 7. a4 Be6 8. Na3 {[%cal Bb1a3,Ba3c2,Bc2e3,Be3f5][%mdl 32] C55: Two Knights: 4 d3, 4 d4 exd4 5 e5 and Max Lange Attack} (8. Nc3 Qd7 9. a5 a6 10. Nd5 Bxd5 11. Bxd5 Nxd5 12. exd5 Nd4 13. Nxd4 exd4 14. h3 Bf6 15. Qf3 Qb5 {0-1 (58) Harikrishna,P (2744)-Wang,H (2709) Huaian 2017}) 8... Qd7 9. c3 Bg4 $146 ({Predecessor:} 9... Rfe8 10. Bxe6 Qxe6 11. d4 exd4 12. cxd4 d5 13. Nb5 Bd8 14. Ng5 Qd7 15. e5 Ne4 16. Nxe4 dxe4 {1-0 (75) Sawlin,L (2359)-Kollars,D (2534) Karlsruhe 2018}) 10. h3 {White is slightly better.} Bh5 11. Nc2 Rae8 12. Ne3 Nd8 13. Nf5 Ne6 14. Ng3 Bg6 15. b4 c6 16. Bb3 Bd8 17. Be3 a5 18. b5 Bc7 19. b6 Bb8 20. Qc2 d5 21. Rad1 Nh5 22. Nxh5 Bxh5 23. g4 Bg6 24. Qa2 {[%cal Re4d5]} Rd8 25. Nh4 Rfe8 26. f3 d4 27. Bd2 dxc3 28. Bxc3 Nf4 29. Kh2 Qe7 $1 {[%cal Re7h4]} 30. Ng2 Nxd3 31. Re2 Nb4 $1 $36 {[%cal Rb4a2][%mdl 2048] Black has strong initiative.} 32. Qb2 Qf6 (32... Rxd1 $19 33. Bxd1 Bd6) 33. f4 $2 (33. Rf1 $17) 33... Rxd1 $1 $19 34. Bxd1 Nd3 35. Qb1 Nxf4 36. Rf2 Qe7 37. Bxa5 Qc5 38. Be1 Rd8 {...Nd3 is the strong threat.} 39. Bf3 Ne6 {And now ...Ng5 would win.} 40. a5 (40. Nh4 $17 {was worth a try.}) 40... Nd4 (40... Ng5 $1 $19 {Strongly threatening ...Qa3.} 41. Qb3 Rd4) 41. Bd1 (41. Nh4 $17) 41... Nb5 {Threatens to win with ...Bxe4!} 42. Qb3 Nd6 (42... Bd6 $19 43. Nh4 Bxe4 44. Qxf7+ Kh8) 43. Bc2 Qc4 (43... Nxe4 $17 44. Bxe4 Bxe4 45. Qxf7+ Kh8 46. Qxb7 Bd5) 44. Qxc4 $11 Nxc4 45. Nh4 Nd6 (45... Kf8 $11) 46. Nxg6 $14 hxg6 47. Bb4 Nb5 (47... Nc4 $16 {was called for.}) 48. Bb3 $18 {[%mdl 1024] White has strong compensation.} Rd7 49. Bc4 ({White should play} 49. Be6 $18 fxe6 50. Rf8+ Kh7 51. Rxb8) 49... Nd6 50. Bd3 Kf8 51. Rc2 $1 Ke8 52. a6 bxa6 53. Rxc6 Nb5 54. Bc4 $1 Rd4 $2 (54... Rd8 {is tougher.}) 55. Rc8+ Kd7 56. Rxb8 Rxc4 {[%mdl 4096] Endgame KRB-KRN} 57. Ba5 $2 (57. b7 $1 $18 Rxb4 58. Rd8+ $1 {[%mdl 512]} Kxd8 59. b8=Q+ Kd7 60. Qb7+ Kd8 61. Qb8+ (61. Qxa6 Rb2+ 62. Kg1 Rb1+ 63. Kf2 Nd4 $16) 61... Kd7 62. Qb7+ (62. Qxe5 Nd6 $16) 62... Kd8 63. Qxf7) 57... Rxe4 (57... Nd6 $1 $15 58. Ra8 Nb7 59. Rxa6 Rxe4) 58. Rb7+ $11 Ke6 $2 {[%mdl 8192] [#]} (58... Kc8 $11 {and Black is okay.} 59. Rxf7 Ra4 60. Rf8+ Kb7 61. Rf7+ Kb8 62. Rf8+ Kb7 63. Rf7+ Kc8 64. b7+ Kb8) 59. Ra7 $4 {[%mdl 8192]} (59. Re7+ $1 $18 {[%mdl 512]} Kxe7 60. b7) 59... Nd6 60. Rxa6 Re2+ 61. Kg3 (61. Kg1 $142 Rb2 62. Be1) 61... Rb2 $19 62. Be1 f5 63. g5 $2 (63. Kh4 {keeps fighting.}) 63... Rb3+ 64. Kh4 e4 65. Bg3 {Threatening b7!} Kd5 $2 ({Black should try} 65... Nb7 $19 {aiming for ...e3.} 66. Bf2 Kd5) 66. Bxd6 $1 $11 Kxd6 67. b7+ $1 Ke5 68. Rxg6 $2 {[%mdl 8192]} (68. Ra5+ $11 Kd6 69. Ra6+ Ke5 70. Rxg6 Rxb7 71. Ra6) 68... Rxb7 $19 {Black is clearly winning.} 69. Kg3 f4+ 70. Kg4 Rf7 {Precision: White = 44%, Black = 50%.} 0-1

[Event "1st Gujarat GM Open 2018"]
[Site "Ahmedabad"]
[Date "2018.10.11"]
[Round "9"]
[White "Shahil Dey"]
[Black "Phadke Sohan"]
[Result "1/2-1/2"]
[WhiteElo "2063"]
[BlackElo "2275"]
[Annotator "TA"]
[PlyCount "67"]
[EventDate "2018.10.05"]
[EventType "swiss"]
[EventCountry "IND"]
[SourceTitle "playchess.com"]
[Source "ChessBase"]
[SourceQuality "1"]

{[%evp 10,67,12,15,14,6,29,22,45,46,54,42,63,43,27,30,62,54,88,56,75,85,87,96,121,18,28,12,18,14,94,0,22,0,5,-20,86,-42,0,0,0,-161,-132,-144,-16,-25,-21,-21,-18,-20,-14,-14,-22,-20,0,0,0,0,0,0]} 1. e4 c5 2. Ne2 Nc6 3. Nbc3 Nf6 4. g3 d5 5. exd5 Nxd5 6. Bg2 {LiveBook: 53 Games} Nf6 {B23: Closed Sicilian: Lines without g3} 7. d3 Bf5 $146 ({Predecessor:} 7... e6 8. O-O Be7 9. Ne4 O-O 10. Be3 Nxe4 11. dxe4 Qc7 12. c3 Rd8 13. Qc2 b6 14. f4 Ba6 15. Rfd1 Rxd1+ 16. Rxd1 Rd8 17. e5 Na5 {½-½ (48) Vallejo Pons,F (2711)-Gelfand,B (2734) Almaty 2016}) 8. Be3 e5 9. Qd2 Ng4 10. O-O-O Bd6 11. Ne4 O-O 12. Nxc5 Nxe3 13. Qxe3 Be7 14. Kb1 Rc8 15. Nb3 ({Much weaker is} 15. Nxb7 Qc7 $17) 15... Be6 16. Bxc6 Rxc6 17. d4 ({Reject} 17. Qxa7 $6 Qc8 $11) (17. Qxe5 $16 {Hoping for Ned4.} Bf6 18. Qf4) 17... Bg5 $11 18. f4 exf4 19. gxf4 Bf5 (19... Bf6 $11) 20. Nc3 (20. fxg5 $16 {Strongly threatening Nc3.} Re8 21. Qf3 Bxc2+ 22. Ka1 Bxd1 23. Rxd1) 20... Bf6 21. d5 Rc4 22. Nd2 Re8 (22... Bd4 $11 23. Qf3 Rc8) 23. Qf3 {[#]} ({Better is} 23. Nxc4 $16 Rxe3 24. Nxe3) 23... Rxc3 $1 {[%mdl 512]} 24. bxc3 Qa5 {And now ...Re2! would win.} 25. Nb3 $2 (25. Rhe1 $11 Rc8 26. c4) 25... Bxc2+ $1 $19 26. Kb2 Bxb3 (26... Bxd1 $17 27. Rxd1 Qb6) 27. axb3 $11 Bxc3+ 28. Qxc3 {The position is equal.} Re2+ 29. Qc2 $1 {[%cal Rc2e2]} Rxc2+ 30. Kxc2 Qc5+ 31. Kb2 Qf2+ 32. Kb1 Qf3 33. Kb2 Qf2+ 34. Kb1 {Precision: White = 51%, Black = 28%.} 1/2-1/2

[Event "1st Gujarat GM Open 2018"]
[Site "Ahmedabad"]
[Date "2018.10.11"]
[Round "9"]
[White "Soham Datar"]
[Black "Navalgund, Niranjan"]
[Result "0-1"]
[WhiteElo "2060"]
[BlackElo "2245"]
[Annotator "TA"]
[PlyCount "52"]
[EventDate "2018.10.05"]
[EventType "swiss"]
[EventCountry "IND"]
[SourceTitle "playchess.com"]
[Source "ChessBase"]
[SourceQuality "1"]

{[%evp 9,51,-40,-22,-54,-52,-62,-39,-65,-15,-16,71,31,36,16,102,101,105,49,40,31,41,32,47,-21,152,0,0,0,0,0,0,-100,85,-108,-105,-304,-297,-475,-429,-5152,-4894,-29993,-29994,-29999]} 1. Nf3 d5 2. c4 d4 3. b4 f6 4. Bb2 (4. d3 e5 5. a3 a5 6. b5 Ne7 7. e3 dxe3 8. fxe3 Nf5 9. g4 Nd6 10. Rg1 Be6 11. Qc2 Nd7 12. d4 {½-½ (33) Ding,L (2777)-Giri,A (2772) Wenzhou 2017}) 4... e5 {[%cal Be7e5,Be5e4][%mdl 32]} 5. Qb3 c5 6. b5 $146 {A09: Réti Opening: 1 Nf3 d5 2 c4} ({Predecessor:} 6. bxc5 Na6 7. d3 Nxc5 8. Qc2 Ne7 9. g3 Nc6 10. Nbd2 Bf5 11. Nh4 Bd7 {0-1 (30) Lang,S (2269)-Teske,H (2518) Forchheim 2003}) 6... e4 7. Ng1 $1 {[%cal Bf3g1,Bg1h3,Bh3f4][%mdl 32]} f5 8. e3 {Black is slightly better.} d3 9. Nh3 Be6 (9... Nf6 $11) 10. Nf4 Bf7 11. g4 $36 {[%mdl 2048] White is pushing.} fxg4 (11... Nf6 $1 $11) 12. Bg2 {aiming for Nc3.} Nf6 13. Bxf6 (13. Nc3 $16) 13... Qxf6 $14 14. Nc3 $1 {Rc1 is the strong threat.} Bd6 15. Bxe4 Nd7 $1 {[%cal Bb8d7,Bd7b6,Bb6c4,Bc4a3][%mdl 32]} 16. Bxb7 ({Better is} 16. Nxd3 $14 O-O-O 17. O-O-O) 16... O-O $2 {[#]} (16... Rb8 $11 17. Nfd5 Qd8) 17. Bxa8 $2 ({Much weaker is} 17. Nxd3 $6 Rab8 $11) (17. Nfd5 $1 $16 {[%cal Rd5f6]} Bxd5 18. Bxd5+ Kh8 19. O-O-O) 17... Rxa8 $11 18. O-O-O Bxf4 19. exf4 {And now Rhe1 would win.} Nb6 20. Nd5 (20. Rhe1 $11 {remains equal.}) 20... Qa1+ $17 21. Qb1 Qd4 22. Ne3 $2 (22. Qb3 $17 {might work better.} Nxd5 23. cxd5) 22... Nxc4 $19 23. Rdg1 (23. Rde1 {was called for.} Rb8 24. Nf5) 23... Rb8 {[%cal Ba8b8,Bb8b5,Bb5b1][%mdl 32] [#] ( -> ...Na3)} 24. Rxg4 (24. a4 $142 Nxe3 25. fxe3 Qc4+ 26. Kd1) 24... Na3 25. Qb2 Rxb5 26. Qxd4 Rb1# {Precision: White = 32%, Black = 47%.} 0-1

[Event "1st Gujarat GM Open 2018"]
[Site "Ahmedabad"]
[Date "2018.10.11"]
[Round "9"]
[White "Sudhanshu Ranjan"]
[Black "Sahil, Tickoo"]
[Result "*"]
[WhiteElo "2060"]
[BlackElo "2217"]
[Annotator "TA"]
[PlyCount "34"]
[EventDate "2018.10.05"]
[EventType "swiss"]
[EventCountry "IND"]
[SourceTitle "playchess.com"]
[Source "ChessBase"]
[SourceQuality "1"]

{[%evp 19,34,0,21,14,18,-14,0,0,4,0,2,0,52,55,79,85,82]} 1. d4 Nf6 2. c4 e6 3. Nc3 Bb4 4. e3 b6 5. Nge2 c5 6. a3 Ba5 7. Rb1 Na6 8. Bd2 O-O 9. Nf4 {E42: Nimzo-Indian: Rubinstein: 4...c5 5 Ne2} (9. Ng3 cxd4 10. exd4 Bxc3 11. bxc3 Nc7 12. Be2 Ba6 13. O-O d5 14. cxd5 Qxd5 15. Bf4 Bxe2 16. Qxe2 Rfc8 17. Rfc1 {0-1 (36) Kasimdzhanov,R (2676)-Heinemann,T (2484) Germany 2018}) 9... Bxc3 10. Bxc3 Ne4 {LiveBook: 8 Games} 11. Qc2 {The position is equal.} (11. Bd3 {is more complex.} Nxc3 12. bxc3 Bb7 13. Qc2 g6 14. a4) 11... Nxc3 12. Qxc3 (12. bxc3 {with more complications.} Bb7 13. Bd3 g6 14. O-O Re8 15. Rfd1) 12... Qf6 13. Be2 Bb7 14. Rd1 $146 ({Predecessor:} 14. Qd2 d6 15. O-O Rad8 16. b4 {0-1 (32) Jabbar,T (2211)-Disconzi da Silva,R (2368) Curitiba 2009}) 14... Rfd8 15. O-O Rac8 (15... cxd4 $11 16. Rxd4 Qg5) 16. Nh5 $1 $14 {[%cal Rh5f6]} Qg5 {[%csl Gb7][%cal Rg5g2] [#]} 17. d5 $1 {[%mdl 512]} exd5 *

[Event "1st Gujarat GM Open 2018"]
[Site "Ahmedabad"]
[Date "2018.10.11"]
[Round "9"]
[White "Gandhi, Anish"]
[Black "Mehdi Hasan Parag"]
[Result "1-0"]
[WhiteElo "2042"]
[BlackElo "2209"]
[Annotator "TA"]
[PlyCount "103"]
[EventDate "2018.10.05"]
[EventType "swiss"]
[EventCountry "IND"]
[SourceTitle "playchess.com"]
[Source "ChessBase"]
[SourceQuality "1"]

{[%evp 11,103,22,26,22,19,25,29,21,42,33,75,67,60,63,60,60,118,93,126,97,180,164,174,165,166,179,161,133,282,139,558,545,565,547,579,563,741,585,745,749,720,462,476,479,472,460,475,458,690,470,465,453,451,450,465,460,460,460,447,439,496,479,490,481,599,600,573,390,609,585,689,452,1100,1085,1221,1367,1251,849,1408,1408,1299,1336,1222,994,1762,1671,1625,1545,12835,12835,12836,12835,12835,12835]} 1. e4 c6 2. d4 d5 3. e5 Bf5 4. Nf3 e6 5. Be2 Ne7 6. O-O h6 7. Nbd2 {B12: Caro-Kann: Advance Variation} Nd7 8. Nb3 g5 (8... Bg6 9. a4 a5 10. c3 Nf5 11. Ne1 Be7 12. Nd3 O-O 13. f4 b6 14. g4 Nh4 {1-0 (41) Rodshtein,M (2678)-Riazantsev,A (2662) Sochi 2018}) 9. Ne1 {White has an edge.} Bg7 10. f4 gxf4 11. Nd3 ({Much worse is} 11. Rxf4 c5 $15) 11... Ng6 12. Nxf4 Nxf4 13. Bxf4 Qb6 (13... Qe7 $14) 14. Kh1 {[#]} O-O-O $146 15. a4 {[%cal Ba2a4,Ba4a5,Ba5a6][%mdl 32]} c5 (15... Qc7 $16) 16. a5 Qc7 17. c4 dxc4 18. Bxc4 Kb8 ({Don't blunder} 18... cxd4 $2 19. Rc1 $18) 19. Qe2 Rc8 {[#]} (19... a6 $16 {was worth a try.}) 20. Rac1 (20. a6 $1 $18 {is the precise move to win.}) 20... Qd8 $2 {[%mdl 8192]} (20... a6 $16 21. Bd3 Bxd3 22. Qxd3 Qd8) 21. a6 $18 b6 22. Qf3 {[%csl Ga6][%cal Rf3b7]} Qc7 23. Bb5 Bf8 24. Rfe1 h5 25. d5 {And now d6 would win.} Bg4 26. d6 Bxf3 27. dxc7+ Rxc7 28. gxf3 Bg7 29. Rcd1 Kc8 (29... Nf8 $142 30. Bg5 Ng6) 30. Bxd7+ Rxd7 31. Rxd7 Kxd7 32. Rg1 Bf8 33. Nd2 Kc6 34. Ne4 c4 35. Rc1 b5 36. b3 Ba3 37. Rc2 Kd5 38. bxc4+ bxc4 39. Nc3+ Kc5 (39... Kc6 $142 40. Nb1 Bc5) 40. Be3+ {White is clearly winning.} Kb4 41. Ne4 Rc8 (41... Kb5 $142 42. Nc3+ Kb4) 42. Bxa7 Kb3 43. Rc3+ Ka4 44. Bd4 Bb2 {[#]} 45. Rxc4+ $3 {[%mdl 512]} Rxc4 46. Bxb2 Rc8 47. a7 Kb3 48. Bd4 Rg8 49. Bb6 Kc4 50. Bc7 Ra8 51. Bb8 Kd4 52. Kg2 {Precision: White = 75%, Black = 34%.} 1-0

[Event "1st Gujarat GM Open 2018"]
[Site "Ahmedabad"]
[Date "2018.10.11"]
[Round "9"]
[White "Jayachandra Srinivas Vellanki"]
[Black "Saurabh Anand"]
[Result "1/2-1/2"]
[WhiteElo "2011"]
[BlackElo "2303"]
[Annotator "TA"]
[PlyCount "74"]
[EventDate "2018.10.05"]
[EventType "swiss"]
[EventCountry "IND"]
[SourceTitle "playchess.com"]
[Source "ChessBase"]
[SourceQuality "1"]

{[%evp 9,74,-24,-20,-17,-22,-19,13,-37,-38,-37,-34,-58,-54,-66,-35,-39,-33,-37,-32,-54,-34,-29,-29,-29,-38,-41,-27,-33,-20,-20,0,0,0,0,0,0,-9,-2,0,-7,-2,-6,0,0,0,0,0,0,0,-17,0,0,0,0,0,0,0,-7220,-6411,-5589,-3130,-29970,-29966,-29978,-29981,-29977,-29978]} 1. b3 e5 2. Bb2 Nc6 3. e3 Nf6 4. Bb5 Bd6 5. Ne2 a6 (5... O-O 6. Na3 e4 7. Nc4 Be7 8. Bxc6 bxc6 9. O-O a5 10. d3 d5 11. Nd2 a4 12. dxe4 Nxe4 13. Nxe4 dxe4 {½-½ (45) Jobava,B (2687)-Yu,Y (2744) Tbilisi 2017}) 6. Bxc6 $1 {A01: Nimzowitsch-Larsen Opening} dxc6 {[%cal Bd7c6,Bc6d5][%mdl 32]} 7. O-O O-O 8. f4 {The position is equal.} exf4 9. Nxf4 Nd5 10. Nxd5 cxd5 11. Qh5 Be6 $146 ({Predecessor:} 11... c6 12. Nc3 Qe7 13. Ne2 {½-½ (44) Schneider,I (2488)-Van Foreest,J (2466) Germany 2015}) 12. Nc3 c6 13. Ne2 f6 14. Nf4 Qd7 {[#] ...Bg4 is the strong threat.} 15. Nxe6 Qxe6 16. Rf3 Rf7 17. Raf1 Raf8 18. Qf5 Qxf5 (18... Re7 {is interesting.} 19. g4 h6 20. Qh5 Rd7 21. Qg6 Qe4) 19. Rxf5 Be5 (19... Bb4 {is more complex.} 20. R5f2 b5 21. g4 a5 22. Kg2 Rb7) 20. Bxe5 fxe5 21. Rxf7 Rxf7 22. Rxf7 Kxf7 $11 {[%mdl 4096] Endgame KP-KP} 23. d4 Kf6 24. Kf2 Kf5 25. Kf3 $1 h5 26. h4 a5 27. a3 b6 28. c3 b5 29. a4 g6 30. g3 e4+ 31. Kf2 $1 Kf6 32. Kg2 Ke6 33. Kh3 $2 {[%mdl 8192] [#]} (33. Kf2 $11) 33... Kd6 $1 $19 34. g4 c5 35. dxc5+ Kxc5 {Black mates.} 36. Kg3 bxa4 37. bxa4 Kc4 {[%mdl 32768] Precision: White = 71%, Black = 56%. . An unexpected result.} 1/2-1/2